| 000 | 00976pam a2200277 a 4500 | ||
|---|---|---|---|
| 001 | 2578267 | ||
| 003 | OSt | ||
| 005 | 20240702102724.0 | ||
| 008 | 960620s1997 nyua b 001 0 eng | ||
| 010 | _a 96009681 | ||
| 020 | _a039397054X (pbk.) | ||
| 040 | _cmust | ||
| 050 | 0 | 0 |
_aHB172.5 _b.S753 1997 |
| 082 | 0 | 0 |
_a339 STI 1997 _220 |
| 100 | 1 |
_aStiglitz, Joseph E. _918361 |
|
| 245 | 1 | 0 |
_aPrinciples of macroeconomics and the Canadian economy / _cJoseph E. Stiglitz, Robin W. Boadway. |
| 250 | _a2nd ed. | ||
| 260 |
_aNew York : _bW.W. Norton, _cc1997. |
||
| 300 |
_axxviii, 489 p., [21] p. : _bcol. ill. ; _c cm. |
||
| 504 | _aIncludes bibliographical references and index. | ||
| 650 | 0 |
_aMacroeconomics. _97608 |
|
| 700 | 1 |
_aBoadway, Robin W., _d1943- _918362 |
|
| 906 |
_a7 _bcbc _corignew _d1 _eocip _f19 _gy-gencatlg |
||
| 942 |
_2ddc _cO_SHELF |
||
| 999 |
_c9032 _d9032 |
||